| 000 | 00823cam a2200265 i 4500 | ||
|---|---|---|---|
| 999 |
_c234560 _d234560 |
||
| 001 | 2694038 | ||
| 003 | Nust | ||
| 005 | 20170322185836.0 | ||
| 008 | 750630s1975 enk 000 1 eng | ||
| 010 | _a 75317247 | ||
| 015 | _aGB*** | ||
| 020 | _a9780749322366 | ||
| 040 |
_aDLC _cDLC _dDLC |
||
| 043 | _aa-ii--- | ||
| 050 | 0 | 0 |
_aPZ4.S428 _bDi _aPR6069.C596 |
| 082 | 0 | 0 |
_a823.914 _bSCO |
| 100 | 1 |
_aScott, Paul, _d1920-1978. |
|
| 245 | 1 | 2 |
_aA division of the spoils : _ba novel / _cby Paul Scott. |
| 260 |
_aLondon : _bHeinemann, _c1975. |
||
| 300 |
_a659 p. ; _c22 cm. |
||
| 650 | 0 |
_aBritish _zIndia _xFiction. |
|
| 651 | 0 |
_aIndia _xHistory _y20th century _xFiction. |
|
| 655 | 7 |
_aHistorical fiction. _2gsafd |
|
| 906 |
_a7 _bcbc _corignew _d3 _encip _f19 _gy-gencatlg |
||
| 942 |
_2ddc _cBK |
||